National Technology Policies and International Friction Theory, Evidence, and Policy Options

Gespeichert in:
Bibliographische Detailangaben
Format: Buch
Sprache:Englisch
Veröffentlicht: Kiel Institut für Weltwirtschaft 1996
Ausgabe:1. ed.
Schriftenreihe:Kiel Discussion Papers 279
Schlagworte:
Tags: Tag hinzufügen
Keine Tags, Fügen Sie das erste Tag hinzu!

MARC

LEADER 00000nam a2200000 4500
001 c020886
005 20221205125455.2
020 |a 3-89456-125-4 
041 0 |a eng 
044 |a DE 
245 1 0 |a National Technology Policies and International Friction  |b Theory, Evidence, and Policy Options 
250 |a 1. ed. 
264 1 |a Kiel  |b Institut für Weltwirtschaft  |c 1996 
300 |a 36 s. 
490 1 |a Kiel Discussion Papers  |v 279 
830 0 |a Kiel Discussion Papers  |v 279 
610 2 0 |a trh medzinárodný 
610 2 0 |a dumping 
610 2 0 |a konkurencia medzinárodná 
610 2 0 |a technológia 
610 2 0 |a teória obchodu 
610 2 0 |a bariéry obchodu zahraničného 
610 2 0 |a rast hospodársky 
610 2 0 |a priemysel letecký